Rainbow of love / (Record no. 23015)

MARC details
000 -LEADER
fixed length control field 00763nam a22002177a 4500
008 - FIXED-LENGTH DATA ELEMENTS--GENERAL INFORMATION
fixed length control field 090204t xxu||||| |||| 00| 0 eng d
010 ## - LCCN (DPL NO)
LC control number ENG-92846
020 ## - INTERNATIONAL STANDARD BOOK NUMBER
Terms of availability 120.00
035 ## - SYSTEM CONTROL NUMBER
System control number EN-76379
037 ## - SOURCE OF ACQUISITION
Source of stock number/acquisition DBAD / PUB
040 ## - CATALOGING SOURCE
Original cataloging agency dpl
Language of cataloging English
082 ## - DEWEY DECIMAL CLASSIFICATION NUMBER
Classification number 884
100 ## - MAIN ENTRY--PERSONAL NAME
Personal name Hoskot, K.S.
245 ## - TITLE STATEMENT
Title Rainbow of love /
Statement of responsibility, etc by K.S. Hoskot
260 ## - PUBLICATION, DISTRIBUTION, ETC. (IMPRINT)
Place of publication, distribution, etc Dharwad
Name of publisher, distributor, etc Mahishi Trust
Date of publication, distribution, etc (200?)
270 ## - ADDRESS
Address Banashankari Kala Mantap, Shreeranga Marg
City Dharwad
Postal code 580001
300 ## - PHYSICAL DESCRIPTION
Extent 212p.;
Dimensions 20cm (pbk)
Other physical details b&w photos
500 ## - GENERAL NOTE
General note Includes bibliographicla references
942 ## - ADDED ENTRY ELEMENTS (KOHA)
Source of classification or shelving scheme Dewey Decimal Classification
Item type English Books
Call number suffix HOS
Classification part 884
Holdings
Withdrawn status Lost status Source of classification or shelving scheme Damaged status Not for loan Collection code Home library Current library Date acquired Source of acquisition Cost, normal purchase price Total Checkouts Full call number Barcode Date last seen Copy number Cost, replacement price Koha item type
    Dewey Decimal Classification   Not For Loan Non-fiction D.B.Act.Division D.B.Act.Division 04/02/2009 DBAD / PUB 120.00   884 HOS EN-76379 04/02/2009 1 120.00 English Books

© Delhi Public Library
Hit Counter
free hit counter